000 00293nam a22001337a 4500
008 181105b xxu||||| |||| 00| 0 eng d
020 _a9780962713811
041 _aeng
080 _a615.83
100 _a8
101 _aEGZF
245 _aThe Runner's Yoga Book
_cCouch, J
942 _2udc
_cBK
999 _c51889
_d51889